Psychological Testing and Assessment (Record no. 134302)

MARC details
000 -LEADER
fixed length control field 00571nam a22002057a 4500
003 - CONTROL NUMBER IDENTIFIER
control field OSt
005 - DATE AND TIME OF LATEST TRANSACTION
control field 20220511091402.0
008 - FIXED-LENGTH DATA ELEMENTS--GENERAL INFORMATION
fixed length control field 220509b |||||||| |||| 00| 0 eng d
020 ## - INTERNATIONAL STANDARD BOOK NUMBER
International Standard Book Number 978-93-5316-213-9
040 ## - CATALOGING SOURCE
Transcribing agency SBCL
082 ## - DEWEY DECIMAL CLASSIFICATION NUMBER
Classification number 150.287
Item number COH-P
100 ## - MAIN ENTRY--PERSONAL NAME
Personal name Ronald Jay Cohen
-- Mark E Swerdlik
245 ## - TITLE STATEMENT
Title Psychological Testing and Assessment
Remainder of title An Introduction to Tests and Measurement
250 ## - EDITION STATEMENT
Edition statement 9th
260 ## - PUBLICATION, DISTRIBUTION, ETC.
Place of publication, distribution, etc. Chennai
Name of publisher, distributor, etc. McGraw Hill Education
Date of publication, distribution, etc. 2018
300 ## - PHYSICAL DESCRIPTION
Extent 566p.
630 ## - SUBJECT ADDED ENTRY--UNIFORM TITLE
General subdivision General Stack
650 ## - SUBJECT ADDED ENTRY--TOPICAL TERM
Topical term or geographic name entry element Psychology
942 ## - ADDED ENTRY ELEMENTS (KOHA)
Koha item type BOOK
650 ## - SUBJECT ADDED ENTRY--TOPICAL TERM
Source of heading or term Philosophy
Holdings
Withdrawn status Lost status Source of classification or shelving scheme Damaged status Not for loan Home library Current library Date acquired Cost, normal purchase price Total Checkouts Full call number Barcode Date last seen Date last checked out Price effective from Koha item type
    Dewey Decimal Classification     SB LIBRARY SB LIBRARY 09/05/2022 945.00 3 150.287 COH-P 00141799 21/08/2025 14/08/2025 09/05/2022 BOOK

Powered by Koha